El Ingenioso Hidalgo don Quijote de la Mancha
Guardado en:
| Autor principal: | |
|---|---|
| Formato: | Libro |
| Lenguaje: | español |
| Publicado: |
Barcelona
Planeta
1985
|
| Edición: | 5a. ed |
| Colección: | Clásicos Universales Planeta, 1
|
| Materias: | |
| Etiquetas: |
Agregar Etiqueta
Sin Etiquetas, Sea el primero en etiquetar este registro!
|
MARC
| LEADER | 00000nam a2200000 a 4500 | ||
|---|---|---|---|
| 001 | UCX0431 | ||
| 003 | CL-VaPUC | ||
| 008 | 891018e19850000SP |||||||||||||||||spa|d | ||
| 082 | 0 | 4 | |a 863 |b CER |2 21 |
| 100 | |a Cervantes y Saavedra, Miguel de |e author |9 267947 | ||
| 245 | 1 | 3 | |a El Ingenioso Hidalgo don Quijote de la Mancha |
| 250 | |a 5a. ed | ||
| 300 | |a 1183 p | ||
| 942 | |c BK | ||
| 945 | |d 19891018 00:00:00 | ||
| 260 | |a Barcelona |b Planeta |c 1985 | ||
| 650 | 0 | |a Novelas españolas |9 265052 | |
| 583 | |a last modification |c 19891018 00:00:00 |k Rodrigo Vera | ||
| 490 | 0 | |a Clásicos Universales Planeta, 1 | |
| 999 | |c 222034 |d 222032 | ||
| 952 | |0 0 |1 0 |4 0 |6 863_000000000000000_CER_1985 |7 0 |8 A |9 216196 |a BIBEDU |b BIBEDU |d 2019-11-15 |i 2848015 |o 863 CER 1985 |p 2848015 |r 2019-11-15 |w 2019-11-15 |y BK |k LIT | ||